[Event "FIDE WRBTC Blitz-Pool 2024"]
[Site "Astana"]
[Date "2024.08.05"]
[Round "3.38"]
[White "Bulatov, Dinmukhamed"]
[Black "Vokhidov, Shamsiddin"]
[Result "0-1"]
[WhiteElo "1767"]
[BlackElo "2643"]
[Annotator "ChessBase"]
[PlyCount "52"]
[EventDate "2024.08.01"]
[EventType "team-tourn"]
[EventCountry "KAZ"]
[SourceTitle "playchess.com"]
[Source "ChessBase"]
[SourceQuality "1"]

1. e4 c5 2. Nf3 Nc6 3. d4 cxd4 4. Nxd4 Nf6 5. Nc3 d6 6. Be2 e5 7. Nb3 Be7 8. O-O O-O 9. Be3 Be6 10. f4 exf4 11. Bxf4 Rc8 12. Qd2 a6 13. Rad1 Ne5 14. Kh1 b5 15. a3 Qc7 16. Nd4 Rfd8 17. Nf5 Bxf5 18. exf5 d5 19. Qe3 Bd6 20. Nxd5 Nxd5 21. Rxd5 Nc4 22. Bxc4 Qxc4 23. Rfd1 Re8 24. Qxe8+ Rxe8 25. Rxd6 Qxf4 26. Rd8 Kf8 0-1

[Event "FIDE WRBTC Blitz-Pool 2024"]
[Site "Astana"]
[Date "2024.08.05"]
[Round "3.39"]
[White "Yakubboev, Nodirbek"]
[Black "Lednikova, Elizaveta"]
[Result "1-0"]
[WhiteElo "2655"]
[BlackElo "1677"]
[Annotator "ChessBase"]
[PlyCount "77"]
[EventDate "2024.08.01"]
[EventType "team-tourn"]
[EventCountry "KAZ"]
[SourceTitle "playchess.com"]
[Source "ChessBase"]
[SourceQuality "1"]

1. Nf3 d5 2. g3 g6 3. Bg2 Bg7 4. d3 Nf6 5. O-O O-O 6. Nbd2 b6 7. Ne5 Bb7 8. f4 Nbd7 9. Ndf3 e6 10. c3 c5 11. h3 Nxe5 12. fxe5 Nd7 13. d4 c4 14. h4 h6 15. Bf4 Kh7 16. Qc2 b5 17. h5 Qe8 18. Nh4 Rg8 19. Bd2 Bf8 20. Rxf7+ Qxf7 21. hxg6+ Rxg6 22. Rf1 Qg7 23. Nxg6 Qxg6 24. Rf7+ Bg7 25. Qxg6+ Kxg6 26. Rxd7 Bc8 27. Rc7 a6 28. e4 Rb8 29. exd5 exd5 30. Bxd5 Bf5 31. g4 Bxg4 32. Be4+ Bf5 33. Rc6+ Kf7 34. Bxf5 Ke7 35. Rc7+ Kf8 36. Be6 Re8 37. d5 Bxe5 38. Bxh6+ Bg7 39. Bxg7# 1-0

[Event "FIDE WRBTC Blitz-Pool 2024"]
[Site "Astana"]
[Date "2024.08.05"]
[Round "3.39"]
[White "Sakenov, Askar"]
[Black "Agibileg, Uurtsaikh"]
[Result "0-1"]
[WhiteElo "1715"]
[BlackElo "2411"]
[Annotator "ChessBase"]
[PlyCount "92"]
[EventDate "2024.08.01"]
[EventType "team-tourn"]
[EventCountry "KAZ"]
[SourceTitle "playchess.com"]
[Source "ChessBase"]
[SourceQuality "1"]

1. e4 c5 2. Nf3 e6 3. g3 a6 4. Bg2 b5 5. d4 cxd4 6. Nxd4 Bb7 7. O-O Qc7 8. Nc3 h5 9. Qe2 Be7 10. e5 Bxg2 11. Kxg2 Nc6 12. Nxc6 Qxc6+ 13. Qf3 h4 14. Ne4 f5 15. exf6 gxf6 16. c3 f5 17. Nd2 h3+ 18. Kg1 Qxf3 19. Nxf3 Nf6 20. Bf4 d6 21. Rfe1 e5 22. Bg5 Kf7 23. Bh4 Rag8 24. Ng5+ Ke8 25. Nxh3 Rxh4 26. Kg2 Rh5 27. a4 Rgh8 28. Ng1 Rxh2+ 29. Kf1 Ne4 30. Re2 Rh1 31. axb5 axb5 32. Ra8+ Bd8 33. Rb8 R8h2 34. g4 Ng5 35. Re3 fxg4 36. Rxb5 Nf3 37. Ke2 Rxg1 38. Rb8 Re1+ 39. Kd3 Rxf2 40. Rxe1 Nxe1+ 41. Kc4 g3 42. b4 g2 43. b5 g1=Q 44. b6 Qf1+ 45. Kd5 Qd3+ 46. Ke6 Qc4+ 0-1

[Event "FIDE WRBTC Blitz-Pool 2024"]
[Site "Astana"]
[Date "2024.08.05"]
[Round "3.40"]
[White "Amilal Munkhdalai"]
[Black "Bakyt, Ansar"]
[Result "1-0"]
[WhiteElo "2374"]
[BlackElo "1488"]
[Annotator "ChessBase"]
[PlyCount "35"]
[EventDate "2024.08.01"]
[EventType "team-tourn"]
[EventCountry "KAZ"]
[SourceTitle "playchess.com"]
[Source "ChessBase"]
[SourceQuality "1"]

1. e4 c5 2. Nf3 Nc6 3. Bb5 Nf6 4. e5 Ng4 5. Bxc6 dxc6 6. h3 Nh6 7. g4 e6 8. d3 Ng8 9. Nc3 Bd7 10. Ne4 Qb6 11. Nfd2 Ne7 12. Nd6+ Kd8 13. Nxf7+ Ke8 14. Nxh8 g6 15. Nc4 Qc7 16. Qf3 b5 17. Nd6+ Kd8 18. Qxf8+ 1-0

[Event "FIDE WRBTC Blitz-Pool 2024"]
[Site "Astana"]
[Date "2024.08.05"]
[Round "3.40"]
[White "Abdrakhmanov, Alikhan"]
[Black "Vakhidov, Jakhongir"]
[Result "0-1"]
[WhiteElo "1434"]
[BlackElo "2571"]
[Annotator "ChessBase"]
[PlyCount "48"]
[EventDate "2024.08.01"]
[EventType "team-tourn"]
[EventCountry "KAZ"]
[SourceTitle "playchess.com"]
[Source "ChessBase"]
[SourceQuality "1"]

1. e4 c5 2. Nc3 Nc6 3. Bb5 Nd4 4. Nf3 a6 5. Bc4 b5 6. Bd5 Rb8 7. Nxd4 cxd4 8. Ne2 Nf6 9. Bb3 Nxe4 10. Nxd4 e6 11. d3 Nc5 12. O-O Bb7 13. Re1 Be7 14. Bf4 Rc8 15. Nf5 exf5 16. Bd6 Ne6 17. Bxe6 dxe6 18. Bxe7 Qxe7 19. Qd2 O-O 20. d4 Rfd8 21. b3 h6 22. c4 bxc4 23. bxc4 Rxc4 24. Rab1 Rcxd4 0-1

[Event "FIDE WRBTC Blitz-Pool 2024"]
[Site "Astana"]
[Date "2024.08.05"]
[Round "3.41"]
[White "Malikova, Marjona"]
[Black "Garayev, Bakhtiyar"]
[Result "1-0"]
[WhiteElo "2083"]
[BlackElo "1494"]
[Annotator "ChessBase"]
[PlyCount "117"]
[EventDate "2024.08.01"]
[EventType "team-tourn"]
[EventCountry "KAZ"]
[SourceTitle "playchess.com"]
[Source "ChessBase"]
[SourceQuality "1"]

1. d4 d5 2. c4 e6 3. Nc3 Nf6 4. cxd5 exd5 5. Bg5 c6 6. e3 h6 7. Bh4 Be7 8. Qc2 O-O 9. Bd3 Ne8 10. Bxe7 Qxe7 11. Nge2 Nd6 12. O-O Nd7 13. Ng3 Nf6 14. Rae1 Be6 15. f3 Qc7 16. e4 dxe4 17. fxe4 Nc8 18. Qd2 Ne7 19. Rc1 Qd7 20. Bb1 Rad8 21. Rfd1 Bg4 22. Nge2 c5 23. d5 Ng6 24. h3 Bxe2 25. Qxe2 Rfe8 26. Qb5 Qxb5 27. Nxb5 a6 28. Nc7 Re7 29. d6 Red7 30. Rxc5 Rxd6 31. Rxd6 Rxd6 32. Nd5 Nxd5 33. exd5 Kh7 34. Be4 h5 35. Rc7 Kh6 36. Rxf7 Ne5 37. Rxb7 Nc4 38. Rb4 Nd2 39. Rd4 Nxe4 40. Rxe4 Rxd5 41. Re6+ g6 42. Rxa6 Rd1+ 43. Kh2 Rd2 44. b4 Rb2 45. a3 Rb3 46. Ra5 Kg7 47. b5 Kf7 48. a4 Rb4 49. Ra6 g5 50. b6 Ke7 51. a5 Kd7 52. Ra7+ Kc6 53. Kg3 h4+ 54. Kf3 Rb5 55. Kg4 Kd6 56. b7 Kc7 57. a6 Kb8 58. Ra8+ Kc7 59. Rc8+ 1-0

[Event "FIDE WRBTC Blitz-Pool 2024"]
[Site "Astana"]
[Date "2024.08.05"]
[Round "3.41"]
[White "Aitmukhanova, Dinara"]
[Black "Mungunzul, Bat-Erdene"]
[Result "0-1"]
[WhiteElo "1611"]
[BlackElo "2224"]
[Annotator "ChessBase"]
[PlyCount "75"]
[EventDate "2024.08.01"]
[EventType "team-tourn"]
[EventCountry "KAZ"]
[SourceTitle "playchess.com"]
[Source "ChessBase"]
[SourceQuality "1"]

1. e4 e5 2. Nf3 Nc6 3. Bb5 a6 4. Ba4 Nf6 5. Nc3 b5 6. Bb3 Be7 7. O-O d6 8. d3 O-O 9. Nd5 Na5 10. Nxf6+ Bxf6 11. Bd5 c6 12. Bb3 Nxb3 13. axb3 Be6 14. c4 Be7 15. Be3 f5 16. exf5 Bxf5 17. h3 Qd7 18. Ng5 h6 19. Ne4 Qe6 20. Qh5 Bg6 21. Qe2 d5 22. Ng3 Bd6 23. Nh5 Qf5 24. Ng3 Qxd3 25. Qg4 Rf6 26. Nh5 Bxh5 27. Qxh5 bxc4 28. bxc4 Qxc4 29. Rac1 Qb5 30. Kh1 Raf8 31. f4 exf4 32. Bxf4 Bxf4 33. Rce1 Qxb2 34. Qe2 Qxe2 35. Rxe2 d4 36. Rfe1 d3 37. Ra2 d2 38. Rxa6 0-1

[Event "FIDE WRBTC Blitz-Pool 2024"]
[Site "Astana"]
[Date "2024.08.05"]
[Round "3.42"]
[White "Erkhembayar, Amartaivan"]
[Black "Abdikayim, Muhammedgali"]
[Result "1-0"]
[WhiteElo "1962"]
[BlackElo "1521"]
[Annotator "ChessBase"]
[PlyCount "49"]
[EventDate "2024.08.01"]
[EventType "team-tourn"]
[EventCountry "KAZ"]
[SourceTitle "playchess.com"]
[Source "ChessBase"]
[SourceQuality "1"]

1. e4 c5 2. Nf3 e6 3. Bc4 Nc6 4. c3 Nf6 5. d3 d5 6. exd5 exd5 7. Bb3 Be7 8. O-O O-O 9. Bf4 Bg4 10. h3 Bh5 11. Nbd2 d4 12. Qc2 Rc8 13. Rae1 Na5 14. Ne5 Nxb3 15. Qxb3 dxc3 16. bxc3 Nd5 17. Bg3 Bf6 18. Ndc4 b5 19. Ne3 Nxe3 20. Rxe3 Bxe5 21. Bxe5 c4 22. Qxb5 cxd3 23. Bxg7 Be2 24. Rg3 Bxf1 25. Bf6# 1-0

[Event "FIDE WRBTC Blitz-Pool 2024"]
[Site "Astana"]
[Date "2024.08.05"]
[Round "3.42"]
[White "Batyrova, Lyayan"]
[Black "Khassenov, Mansur"]
[Result "0-1"]
[WhiteElo "1409"]
[BlackElo "1982"]
[Annotator "ChessBase"]
[PlyCount "96"]
[EventDate "2024.08.01"]
[EventType "team-tourn"]
[EventCountry "KAZ"]
[SourceTitle "playchess.com"]
[Source "ChessBase"]
[SourceQuality "1"]

1. e4 c5 2. Nc3 Nc6 3. g3 g6 4. Bg2 Bg7 5. f4 d6 6. Nf3 e6 7. O-O Nge7 8. d3 O-O 9. Be3 Nd4 10. Qd2 Rb8 11. Rae1 b5 12. a3 a5 13. b3 b4 14. axb4 axb4 15. Ne2 Nxf3+ 16. Bxf3 Bb7 17. d4 cxd4 18. Bxd4 Bxd4+ 19. Qxd4 d5 20. e5 Nf5 21. Qxb4 Ne3 22. Rc1 Nxf1 23. Kxf1 Ba6 24. Qd2 Qb6 25. Kg2 Bxe2 26. Qxe2 Rfc8 27. g4 Rc3 28. f5 Qe3 29. Qf1 Rbxb3 30. Ra1 Rxc2+ 31. Kh1 Qxf3+ 32. Qxf3 Rxf3 33. Ra8+ Kg7 34. f6+ Kh6 35. Ra1 Rff2 36. h4 Rh2+ 37. Kg1 Rxh4 38. Rf1 Rxg4+ 39. Kh1 Rc3 40. Rf2 Rh3+ 41. Rh2 Rxh2+ 42. Kxh2 Kg5 43. Kh3 Kf4 44. Kh2 h5 45. Kh3 Kf3 46. Kh2 Rf4 47. Kg1 Kg3 48. Kh1 Rf1# 0-1

[Event "FIDE WRBTC Blitz-Pool 2024"]
[Site "Astana"]
[Date "2024.08.05"]
[Round "3.43"]
[White "Annaberdiyev, Meylis"]
[Black "Makhnev, Denis"]
[Result "1/2-1/2"]
[WhiteElo "2431"]
[BlackElo "2551"]
[Annotator "ChessBase"]
[PlyCount "97"]
[EventDate "2024.08.01"]
[EventType "team-tourn"]
[EventCountry "KAZ"]
[SourceTitle "playchess.com"]
[Source "ChessBase"]
[SourceQuality "1"]

1. e4 e5 2. Nf3 Nc6 3. Bc4 Bc5 4. d3 Nf6 5. O-O d6 6. c3 a5 7. Bg5 h6 8. Bh4 Ba7 9. Nbd2 g5 10. Bg3 O-O 11. Re1 g4 12. Nh4 Nh5 13. Nf1 Qg5 14. Ne3 Nxg3 15. hxg3 Bxe3 16. Rxe3 Kg7 17. d4 Ne7 18. dxe5 dxe5 19. Qb3 Ng6 20. Nxg6 fxg6 21. Rd1 Qe7 22. Red3 a4 23. Qb4 Qf6 24. Qc5 c6 25. Rd6 Qg5 26. a3 h5 27. Be6 Bxe6 28. Rxe6 Rad8 29. Rxd8 Rxd8 30. Qe7+ Qxe7 31. Rxe7+ Kf6 32. Rxb7 Rd1+ 33. Kh2 Rd2 34. Rb6 Rxf2 35. Rxc6+ Kf7 36. Rc4 Rxb2 37. Rxa4 g5 38. Ra5 Ke6 39. Ra6+ Kf7 40. Ra7+ Kf6 41. Ra6+ Kf7 42. Rh6 Rb8 43. Ra6 Rc8 44. Ra7+ Kf6 45. Ra6+ Kf7 46. Ra7+ Kf6 47. Ra6+ Kf7 48. Ra7+ Kf6 49. Ra6+ 1/2-1/2

[Event "FIDE WRBTC Blitz-Pool 2024"]
[Site "Astana"]
[Date "2024.08.05"]
[Round "3.43"]
[White "Kassimov, Baurzhan"]
[Black "Utegaliyev, Azamat"]
[Result "1/2-1/2"]
[WhiteElo "2260"]
[BlackElo "2418"]
[Annotator "ChessBase"]
[PlyCount "105"]
[EventDate "2024.08.01"]
[EventType "team-tourn"]
[EventCountry "KAZ"]
[SourceTitle "playchess.com"]
[Source "ChessBase"]
[SourceQuality "1"]

1. e4 d5 2. Nc3 dxe4 3. Nxe4 Qd5 4. Ng3 h5 5. Qf3 Nf6 6. Bd3 Nc6 7. Qxd5 Nxd5 8. Be4 Be6 9. h4 O-O-O 10. Nf3 f6 11. c3 Bf7 12. d4 e6 13. Bc2 Bd6 14. Ne4 Bf4 15. g3 Bxc1 16. Rxc1 Rhe8 17. O-O e5 18. dxe5 Nxe5 19. Nxe5 Rxe5 20. Rfe1 Rde8 21. Kf1 Nb6 22. b3 Bd5 23. Nd2 Bg2+ 24. Kxg2 Rxe1 25. Bf5+ Kd8 26. Rc2 Rd1 27. Nf3 c5 28. c4 Nd7 29. Bg6 Re7 30. Bxh5 Rd6 31. Bg4 Ne5 32. Nxe5 Rxe5 33. Bf3 Kc7 34. Bd5 b5 35. g4 a5 36. h5 b4 37. Kg3 Re1 38. f4 Kb6 39. g5 fxg5 40. fxg5 a4 41. bxa4 Ka5 42. Rh2 Kxa4 43. h6 gxh6 44. gxh6 Re8 45. h7 Rh8 46. Bg8 Rg6+ 47. Kf4 Rhxg8 48. hxg8=Q Rxg8 49. Ke5 Rd8 50. Rh7 Ka3 51. Ra7+ Kb2 52. Rc7 Kxa2 53. Rxc5 1/2-1/2

[Event "FIDE WRBTC Blitz-Pool 2024"]
[Site "Astana"]
[Date "2024.08.05"]
[Round "3.44"]
[White "Zhalmakhanov, Ramazan"]
[Black "Halynyazov, Vepaly"]
[Result "1-0"]
[WhiteElo "2497"]
[BlackElo "2049"]
[Annotator "ChessBase"]
[PlyCount "79"]
[EventDate "2024.08.01"]
[EventType "team-tourn"]
[EventCountry "KAZ"]
[SourceTitle "playchess.com"]
[Source "ChessBase"]
[SourceQuality "1"]

1. d4 d5 2. Bf4 Nf6 3. Nc3 a6 4. e3 Bf5 5. Bd3 Bg6 6. Nf3 e6 7. Ne5 c5 8. Nxg6 hxg6 9. h3 Nc6 10. dxc5 Bxc5 11. O-O e5 12. Bg5 e4 13. Be2 Ne7 14. Qd2 Qd7 15. Rad1 Rd8 16. a3 Qf5 17. Bf4 g5 18. Bg3 g4 19. h4 g5 20. Na4 Ba7 21. Qb4 b5 22. Nc5 gxh4 23. Bc7 Rc8 24. Bd6 Nc6 25. Qc3 h3 26. g3 h2+ 27. Kh1 Rh6 28. b4 Nh5 29. Bf4 Rg6 30. Qh8+ Ke7 31. Qc3 Bxc5 32. Qxc5+ Ke8 33. Rxd5 Qe6 34. Rxh5 Ne7 35. Rh8+ Rg8 36. Rxg8+ Nxg8 37. Qg5 Ne7 38. Bxg4 f5 39. Bh5+ Kd7 40. Rd1+ 1-0

[Event "FIDE WRBTC Blitz-Pool 2024"]
[Site "Astana"]
[Date "2024.08.05"]
[Round "3.44"]
[White "Suleyev, Alen"]
[Black "Kozganbay, Erkin"]
[Result "1-0"]
[WhiteElo "2084"]
[BlackElo "2293"]
[Annotator "ChessBase"]
[PlyCount "113"]
[EventDate "2024.08.01"]
[EventType "team-tourn"]
[EventCountry "KAZ"]
[SourceTitle "playchess.com"]
[Source "ChessBase"]
[SourceQuality "1"]

1. d4 e6 2. c4 b6 3. Nc3 Bb7 4. Qc2 Bb4 5. Bd2 Nf6 6. e3 O-O 7. Nf3 d5 8. a3 Be7 9. cxd5 exd5 10. b4 a6 11. Bd3 Nbd7 12. Ne5 Bd6 13. f4 Re8 14. O-O Nf8 15. Rab1 N6d7 16. Qa2 Nf6 17. Qc2 N6d7 18. Qa2 Nf6 19. a4 Qe7 20. Be1 Ne4 21. Nxd5 Bxd5 22. Qxd5 Nf6 23. Qf3 N6d7 24. Bd2 Ne6 25. Nxd7 Qxd7 26. Be4 Rad8 27. Bc6 Qe7 28. Bxe8 Qxe8 29. d5 Nf8 30. e4 Qxa4 31. e5 Be7 32. Bc3 Qa2 33. Rbd1 a5 34. bxa5 bxa5 35. f5 a4 36. f6 Bc5+ 37. Kh1 g6 38. e6 a3 39. e7 Re8 40. exf8=Q+ Bxf8 41. Ra1 Qc4 42. Rac1 Qa4 43. h3 a2 44. Ba1 Qa6 45. Rfe1 Rd8 46. Rxc7 Bd6 47. Rce7 Qb5 48. Qe2 Qxe2 49. R7xe2 Kf8 50. Rxa2 Bg3 51. Rd1 h5 52. Re2 Kg8 53. Bc3 Rc8 54. Be1 Bf4 55. Bf2 g5 56. d6 Kh7 57. d7 1-0

[Event "FIDE WRBTC Blitz-Pool 2024"]
[Site "Astana"]
[Date "2024.08.05"]
[Round "3.45"]
[White "Turayev, Shahruh"]
[Black "Urazayev, Arystanbek"]
[Result "1/2-1/2"]
[WhiteElo "2097"]
[BlackElo "2466"]
[Annotator "ChessBase"]
[PlyCount "75"]
[EventDate "2024.08.01"]
[EventType "team-tourn"]
[EventCountry "KAZ"]
[SourceTitle "playchess.com"]
[Source "ChessBase"]
[SourceQuality "1"]

1. d4 d5 2. c4 e6 3. Nf3 Nf6 4. Nc3 a6 5. cxd5 exd5 6. Qb3 h6 7. e4 Nxe4 8. Nxe4 dxe4 9. Ne5 Qe7 10. Bc4 Qb4+ 11. Bd2 Qxb3 12. Bxb3 Be6 13. Bxe6 fxe6 14. O-O-O Bd6 15. Rde1 Bxe5 16. dxe5 Nd7 17. Rxe4 O-O-O 18. Be3 Nb6 19. Bxb6 cxb6 20. Rd1 Rhf8 21. Rc4+ Kb8 22. Rxd8+ Rxd8 23. Rg4 Rd7 24. Kc2 Kc7 25. Kc3 b5 26. b4 Rf7 27. f3 g5 28. h4 Rf5 29. Kd4 Kc6 30. hxg5 hxg5 31. g3 Rxf3 32. Rxg5 Rf2 33. Rg6 Rd2+ 34. Ke4 Re2+ 35. Kd4 Rd2+ 36. Ke4 Re2+ 37. Kd4 Rd2+ 38. Ke4 1/2-1/2

[Event "FIDE WRBTC Blitz-Pool 2024"]
[Site "Astana"]
[Date "2024.08.05"]
[Round "3.45"]
[White "Ulkhanov, Azamat"]
[Black "Askarov, Bakhtiyar"]
[Result "1/2-1/2"]
[WhiteElo "2006"]
[BlackElo "2280"]
[Annotator "ChessBase"]
[PlyCount "76"]
[EventDate "2024.08.01"]
[EventType "team-tourn"]
[EventCountry "KAZ"]
[SourceTitle "playchess.com"]
[Source "ChessBase"]
[SourceQuality "1"]

1. e4 c5 2. Nf3 e6 3. g3 Nc6 4. Bg2 d6 5. O-O Nf6 6. Re1 Be7 7. c3 O-O 8. d4 cxd4 9. cxd4 d5 10. exd5 Nxd5 11. Nc3 Bf6 12. Nxd5 exd5 13. Ne5 Be6 14. Nxc6 bxc6 15. Be3 Qb6 16. b3 a5 17. Rc1 Rfc8 18. h4 h6 19. Bf3 a4 20. Bg4 Bxg4 21. Qxg4 axb3 22. axb3 Qxb3 23. Bxh6 Qd3 24. Bg5 Qxd4 25. Qd7 Bxg5 26. hxg5 g6 27. Rxc6 Rxc6 28. Qxc6 Ra2 29. Qe8+ Kg7 30. Qe5+ Qxe5 31. Rxe5 Rd2 32. Kg2 Rd3 33. Kf1 Kf8 34. Ke2 Rd4 35. Ke3 Rd1 36. Ke2 Rd4 37. Ke3 Rd1 38. Ke2 Rd4 1/2-1/2

[Event "FIDE WRBTC Blitz-Pool 2024"]
[Site "Astana"]
[Date "2024.08.05"]
[Round "3.46"]
[White "Agmanov, Zhandos"]
[Black "Agajanova, Meryem"]
[Result "1-0"]
[WhiteElo "2458"]
[BlackElo "2007"]
[Annotator "ChessBase"]
[PlyCount "61"]
[EventDate "2024.08.01"]
[EventType "team-tourn"]
[EventCountry "KAZ"]
[SourceTitle "playchess.com"]
[Source "ChessBase"]
[SourceQuality "1"]

1. e4 e6 2. d4 d5 3. Nd2 c5 4. Ngf3 Nf6 5. exd5 exd5 6. Bb5+ Bd7 7. Qe2+ Be7 8. O-O O-O 9. dxc5 Bxc5 10. Bxd7 Nbxd7 11. Nb3 Bb6 12. Bg5 Re8 13. Qd3 Qc7 14. Rad1 h6 15. Bh4 Rac8 16. c3 Re4 17. Bg3 Qc4 18. Qb1 Re7 19. Nfd4 Ne4 20. Nf5 Nxg3 21. Nxe7+ Kf8 22. hxg3 Kxe7 23. Qd3 Qg4 24. Qxd5 Nf6 25. Qd6+ Ke8 26. Rfe1+ Ne4 27. Rxe4+ Qxe4 28. Qd7+ Kf8 29. Qxc8+ Ke7 30. Qd7+ Kf8 31. Qd6+ 1-0

[Event "FIDE WRBTC Blitz-Pool 2024"]
[Site "Astana"]
[Date "2024.08.05"]
[Round "3.46"]
[White "Aligozhin, Zhaslan"]
[Black "Abdsattar, Alisher"]
[Result "1-0"]
[WhiteElo "2333"]
[BlackElo "2025"]
[Annotator "ChessBase"]
[PlyCount "99"]
[EventDate "2024.08.01"]
[EventType "team-tourn"]
[EventCountry "KAZ"]
[SourceTitle "playchess.com"]
[Source "ChessBase"]
[SourceQuality "1"]

1. e4 e6 2. d4 d5 3. e5 c5 4. c3 Nc6 5. Nf3 Nge7 6. Be2 Bd7 7. O-O cxd4 8. cxd4 Nf5 9. Nc3 Qb6 10. Na4 Qa5 11. Nc3 Qb6 12. Na4 Qa5 13. b3 Rc8 14. a3 Qd8 15. Bg5 Be7 16. Bxe7 Qxe7 17. Qd2 h6 18. Rfc1 O-O 19. h3 b6 20. Ba6 Rb8 21. Nc3 Na5 22. Qb2 Nh4 23. Be2 Nxf3+ 24. Bxf3 f6 25. Re1 fxe5 26. Rxe5 Nc6 27. Re3 Qf6 28. Ne2 Kh8 29. Rd1 Ne7 30. Bg4 Nf5 31. Bxf5 Qxf5 32. Ng3 Qf6 33. Qd2 Rbc8 34. Rf3 Qg6 35. Rxf8+ Rxf8 36. b4 Ba4 37. Re1 Rc8 38. Qe3 Bd7 39. Qe5 Rc2 40. Qd6 Qf7 41. f3 Rc6 42. Qb8+ Bc8 43. Kh2 Kh7 44. Re2 Rc4 45. Qe5 Rc3 46. a4 a5 47. bxa5 bxa5 48. Rb2 Rc4 49. Rb8 Qd7 50. Nh5 1-0

[Event "FIDE WRBTC Blitz-Pool 2024"]
[Site "Astana"]
[Date "2024.08.05"]
[Round "3.47"]
[White "Ezizov, Muhammet"]
[Black "Kamalidenova, Meruert"]
[Result "0-1"]
[WhiteElo "1909"]
[BlackElo "2352"]
[Annotator "ChessBase"]
[PlyCount "102"]
[EventDate "2024.08.01"]
[EventType "team-tourn"]
[EventCountry "KAZ"]
[SourceTitle "playchess.com"]
[Source "ChessBase"]
[SourceQuality "1"]

1. e4 c5 2. Nf3 Nc6 3. c3 d6 4. d4 cxd4 5. cxd4 Nf6 6. Nc3 g6 7. Bb5 Bd7 8. O-O Bg7 9. h3 O-O 10. Be3 a6 11. Bxc6 Bxc6 12. d5 Bd7 13. Qd2 Re8 14. Bd4 Rc8 15. Rac1 b5 16. a3 Rc4 17. b3 Rc8 18. Qe3 e5 19. Bb6 Qe7 20. Ne2 Qf8 21. Bc7 Bh6 22. Ng5 Nxe4 23. Qxe4 Bxg5 24. Rc3 Bf5 25. Qb4 Bd2 26. Bxd6 Bxc3 27. Nxc3 Qg7 28. Bc5 e4 29. d6 Rxc5 30. Qxc5 Rc8 31. Qa7 Qxc3 32. Qxa6 Qxb3 33. Qb7 Qd3 34. g4 Be6 35. Qe7 Qxh3 36. d7 Qxg4+ 37. Kh2 Bxd7 38. Re1 Bf5 39. Qe5 Qf3 40. Qd4 Rc2 41. Qd8+ Kg7 42. Qd4+ Kh6 43. Rf1 Qf4+ 44. Kg1 Qg5+ 45. Kh2 e3 46. Kh1 Rxf2 47. Rxf2 exf2 48. Kh2 f1=N+ 49. Kh1 Be4+ 50. Qxe4 Ng3+ 51. Kh2 Nxe4 0-1

[Event "FIDE WRBTC Blitz-Pool 2024"]
[Site "Astana"]
[Date "2024.08.05"]
[Round "3.47"]
[White "Momyn, Madina"]
[Black "Nasybullina, Alfia"]
[Result "0-1"]
[WhiteElo "1733"]
[BlackElo "2034"]
[Annotator "ChessBase"]
[PlyCount "62"]
[EventDate "2024.08.01"]
[EventType "team-tourn"]
[EventCountry "KAZ"]
[SourceTitle "playchess.com"]
[Source "ChessBase"]
[SourceQuality "1"]

1. e4 d5 2. exd5 Qxd5 3. Nc3 Qd6 4. d4 Nf6 5. Nf3 Nc6 6. Be2 a6 7. O-O Bg4 8. Be3 Rd8 9. h3 Bh5 10. a4 e6 11. Qd2 Qd7 12. Rad1 Bb4 13. Qc1 O-O 14. Ne5 Qe8 15. Bxh5 Nxh5 16. Nc4 Nf6 17. Ne2 Nd5 18. b3 b5 19. axb5 axb5 20. Nb2 Nxe3 21. fxe3 Qe7 22. Nd3 Ba3 23. Qd2 Qg5 24. Nef4 Bd6 25. Qf2 e5 26. dxe5 Nxe5 27. Nxe5 Qxe5 28. Rd5 Qe4 29. Rd4 Qe7 30. Qd2 Bc5 31. Nd5 Rxd5 0-1

[Event "FIDE WRBTC Blitz-Pool 2024"]
[Site "Astana"]
[Date "2024.08.05"]
[Round "3.48"]
[White "Kabylbek, Yedil"]
[Black "Gein, Dmitriy"]
[Result "0-1"]
[WhiteElo "1857"]
[BlackElo "1723"]
[Annotator "NA"]
[PlyCount "118"]
[EventDate "2024.08.01"]
[EventType "team-tourn"]
[EventCountry "KAZ"]
[SourceTitle "playchess.com"]
[Source "ChessBase"]
[SourceQuality "1"]

1. e4 c6 2. d4 d5 3. e5 Bf5 4. Nf3 e6 5. Be2 h6 6. Be3 Nd7 7. Nbd2 a6 8. O-O Ne7 9. a4 b5 10. c3 Nb6 11. b3 Bh7 12. Re1 Nf5 13. Bf4 g5 14. Bg3 Bg7 15. Nf1 O-O 16. h3 Nd7 17. Bh2 f6 18. Bd3 fxe5 19. Nxe5 Nxe5 20. Bxe5 Qe7 21. Qc2 Bxe5 22. Rxe5 Qf7 23. Rae1 Rae8 24. Nh2 h5 25. Nf3 Qf6 26. Qd2 g4 27. hxg4 hxg4 28. Qg5+ Kf7 29. Qxf6+ Kxf6 30. Nh2 Rg8 31. g3 Re7 32. Kg2 Rgg7 33. Nf1 Rg8 34. Bb1 Rge8 35. Nh2 Rg8 36. R1e2 Rg5 37. Bc2 Rg8 38. Bd1 Nh6 39. Re1 Be4+ 40. Kg1 Nf7 41. R5xe4 dxe4 42. Rxe4 bxa4 43. bxa4 Nh6 44. Bxg4 Nxg4 45. Nxg4+ Kf5 46. Rf4+ Kg5 47. Ne5 c5 48. dxc5 Rc8 49. c6 Rh7 50. Kg2 Rcc7 51. Rd4 Rh8 52. Nf7+ Rxf7 53. Rd6 Kf6 54. f4 Rc8 55. Kf3 Rfc7 56. g4 Rxc6 57. g5+ Kf5 58. Rd7 Rxc3+ 59. Kg2 Kxf4 0-1

[Event "FIDE WRBTC Blitz-Pool 2024"]
[Site "Astana"]
[Date "2024.08.05"]
[Round "3.48"]
[White "Anetov, Amirzhan"]
[Black "Sholpanbek, Zhansaya"]
[Result "0-1"]
[WhiteElo "1661"]
[BlackElo "1752"]
[Annotator "NA"]
[PlyCount "130"]
[EventDate "2024.08.01"]
[EventType "team-tourn"]
[EventCountry "KAZ"]
[SourceTitle "playchess.com"]
[Source "ChessBase"]
[SourceQuality "1"]

1. e4 e5 2. Nf3 Nc6 3. Bc4 Bc5 4. c3 Nf6 5. d3 d6 6. Nbd2 a5 7. O-O O-O 8. Re1 Be6 9. Bxe6 fxe6 10. Nf1 Ng4 11. Ne3 Nxe3 12. Bxe3 Bxe3 13. fxe3 d5 14. exd5 exd5 15. e4 a4 16. Qe2 d4 17. Rac1 a3 18. b3 dxc3 19. Rxc3 Nd4 20. Qe3 Nxf3+ 21. gxf3 c6 22. Rc5 Qf6 23. Rf1 b6 24. Rc4 c5 25. Rf2 Qd6 26. Kf1 Rf4 27. Ke2 Rc8 28. Rc1 b5 29. b4 c4 30. dxc4 bxc4 31. Qc3 Rf7 32. Rff1 Rb7 33. Rb1 Qe7 34. Rfd1 Qg5 35. Qe3 Qg2+ 36. Qf2 Qxf2+ 37. Kxf2 c3 38. Rdc1 c2 39. Rb3 Rd7 40. Ke2 Rd4 41. b5 Ra4 42. b6 Rac4 43. b7 Rb8 44. Kd3 Rc7 45. Rxc2 Rbxb7 46. Rxb7 Rxb7 47. Rc3 Rb2 48. Rxa3 Rxh2 49. Ra7 h5 50. a4 h4 51. a5 h3 52. Rb7 Ra2 53. Rb1 Rxa5 54. Rh1 Ra3+ 55. Kc4 Rxf3 56. Kd5 g5 57. Kxe5 g4 58. Kd4 Rf2 59. Ke3 Ra2 60. Kf4 Rg2 61. Ra1 h2 62. Rh1 g3 63. e5 Rg1 64. e6 Rxh1 65. Kxg3 Re1 0-1

[Event "FIDE WRBTC Blitz-Pool 2024"]
[Site "Astana"]
[Date "2024.08.05"]
[Round "4.1"]
[White "Carlsen, Magnus"]
[Black "Kazakov, Konstantin"]
[Result "1-0"]
[WhiteElo "2832"]
[BlackElo "2333"]
[Annotator "TA"]
[PlyCount "61"]
[EventDate "2024.08.01"]
[EventType "team-tourn"]
[EventCountry "KAZ"]
[SourceTitle "playchess.com"]
[Source "ChessBase"]
[SourceQuality "1"]

1. b3 Nf6 2. Bb2 g6 3. e4 Bg7 4. g3 d6 5. Bg2 O-O 6. Ne2 e5 7. O-O c5 8. d3 Nc6 9. c4 Ne8 10. Nbc3 Nc7 11. Qd2 Rb8 12. f4 Nd4 13. Nd5 Nxd5 14. cxd5 f5 15. fxe5 dxe5 16. Nxd4 cxd4 17. Ba3 Rf7 18. exf5 Bxf5 19. Rac1 Bf8 20. Bxf8 Qxf8 21. Qe2 Re8 22. g4 Bd7 23. Rxf7 Qxf7 24. h3 Qe7 25. Rc7 Rc8 26. Qc2 Qd8 27. d6 Kf8 28. Qc5 b6 29. Qxe5 Rxc7 30. Qh8+ Kf7 31. Qxd8 1-0